Statistics for Rolling Stones Top 100 Rock Guitar Solos of All Time

Click here to take the quiz!

General Stats

  • This quiz has been taken 1,239 times
  • The average score is 62 of 100

Answer Stats

Song Artist % Correct
HeartbreakerLed Zeppelin
99%
Whole Lotta LoveLed Zeppelin
99%
Stairway to HeavenLed Zeppelin
99%
Since I've Been Loving YouLed Zeppelin
98%
Little WingJimi Hendrix
97%
Machine GunJimi Hendrix
97%
Sweet Child O' MineGuns N' Roses
97%
Voodoo ChildJimi Hendrix
97%
Star-Spangled BannerJimi Hendrix
97%
Purple HazeJimi Hendrix
97%
November RainGuns N' Roses
97%
Hotel CaliforniaEagles
97%
All Along the WatchtowerJimi Hendrix
97%
TimePink Floyd
94%
Brighton RockQueen
94%
MoneyPink Floyd
94%
Bohemian RhapsodyQueen
94%
LaylaDerek and the Dominos
94%
Comfortably NumbPink Floyd
94%
Smells Like Teen SpiritNirvana
93%
CocaineEric Clapton
92%
Let It RainEric Clapton
92%
OneMetallica
89%
Sympathy for the DevilThe Rolling Stones
89%
Walk This WayAerosmith
89%
Fade to BlackMetallica
89%
Honky Tonk WomanThe Rolling Stones
89%
Master of PuppetsMetallica
89%
Beat ItMichael Jackson feat. Eddie Van Halen
88%
And Your Bird Can SingThe Beatles
86%
While My Guitar Gently WeepsThe Beatles
86%
Hot For TeacherVan Halen
85%
You Shook Me All Night LongAC/DC
85%
EruptionVan Halen
85%
Johnny B. GoodeChuck Berry
85%
Mean StreetVan Halen
85%
War PigsBlack Sabbath
84%
FreebirdLynyrd Skynyrd
84%
Light My FireThe Doors
82%
Mr. CrowleyOzzy Osbourne
82%
The EndThe Doors
82%
Crazy TrainOzzy Osbourne
82%
No More TearsOzzy Osbourne
80%
Sultans of SwingDire Straits
79%
Won't Get Fooled AgainThe Who
75%
Wanted Dead or AliveBon Jovi
74%
Sharp Dressed ManZZ Top
72%
You Really Got MeKinks
65%
The Number of the BeastIron Maiden
65%
Little Red CorvettePrince
63%
Bulls on ParadeRage Against the Machine
62%
Killing in the NameRage Against the Machine
62%
Scar TissueRed Hot Chili Peppers
62%
CrossroadsCream
57%
Yellow LedbetterPearl Jam
57%
LazyDeep Purple
57%
Highway StarDeep Purple
57%
AlivePearl Jam
57%
Paranoid AndroidRadiohead
56%
The Thrill is GoneB.B. King
53%
AqualungJethro Tull
50%
Pride and JoyStevie Ray Vaughan
46%
Texas FloodStevie Ray Vaughan
46%
Scuttle Buttin'Stevie Ray Vaughan
46%
Heard It Through the GrapevineCreedence Clearwater Revival
44%
Cinnamon GirlNeil Young
44%
Whipping PostAllman Brothers Band
44%
Cortez the KillerNeil Young
44%
JessicaAllman Brothers Band
44%
Blue SkyAllman Brothers Band
44%
Moonage DaydreamDavid Bowie
43%
Man in the BoxAlice In Chains
40%
WalkPantera
39%
FloodsPantera
39%
Cemetery GatesPantera
39%
Cliffs of DoverEric Johnson
37%
Surfing with the AlienJoe Satriani
35%
Satch BoogieJoe Satriani
35%
StrangleholdTed Nugent
35%
Reelin' in the YearsSteely Dan
34%
Kid CharlemagneSteely Dan
34%
Truckin'Grateful Dead
32%
Sweet JaneThe Velvet Underground
30%
EuropaSantana
29%
Working ManRush
29%
Stray Cat StrutStray Cats
27%
Shock MeKiss
25%
For the Love of GodSteve Vai
22%
Cause We Have Ended As LoversJeff Beck
20%
Zoot AlluresFrank Zappa
20%
21st Century Schizoid ManKing Crimson
19%
Starship TrooperYes
17%
Beyond the Realms of DeathJudas Priest
16%
Maggot BrainFunkadelic
15%
Black StarYngwie Malmsteen
11%
Geek USASmashing Pumpkins
11%
Under a Glass MoonDream Theater
9%
Highway 61 RevisitedJohnny Winter
6%
Lights OutUFO
5%
StashPhish
4%

Score Distribution

Percentile by Number Answered

Percent of People with Each Score

Your Score History

You have not taken this quiz